01326nam a2200253Ia 450000500170000000800390001702000150005604100080007110000370007924500400011625000250015626400330018130000330021433600270024733700330027433800280030749000390033552005380037465000400091265000370095265000370098904000350102608400110106120220316235341.0121119s2002 ck a gr 000 p spa a95830021940 aspa1 aHernández, José,d1834-1886 10aMartín FierrocJosé Hernández aQuinta reimpresión 1aBogotábPanamericanac2002 a260 páginasbilustraciones atextobtxt2rdacontent asin mediaciónbn2rdamedia avolumenbnc2rdacarrier0 aLetras latinoamericanas : poesía3 aSin el Martín Fierro la vida de José Hernández estaría hoy olvidada; con él, su nombre alcanzó de pronto los resplandores de la gloria. El éxito de la primera parte de su poema lo condujo a escribir la segunda, bajo el título de la Vuelta de Martín Fierro. En trovas genuinas y vivaces, Fierro, el arquetipo de la llanura argentina, canta y cuenta las angustias del gaucho en la frontera y sus fortines: sus aventuras con Cruz en los toldos de los indios, y, finalmente, su regreso y feliz reencuentro con los suyos142LEMBaPoesía argentinaySiglo XIX142LEMBaPoesía épica argentina142LEMBaAutores argentinos gauchos aCO-BoRNBPbspaerdacCO-BoRNBP aP HER7